Environmental sciences: (Record no. 276)

MARC details
000 -LEADER
fixed length control field 00624nam a22001937a 4500
005 - DATE AND TIME OF LATEST TRANSACTION
control field 20230523072628.0
008 - FIXED-LENGTH DATA ELEMENTS--GENERAL INFORMATION
fixed length control field 221125b |||||||| |||| 00| 0 eng d
020 ## - INTERNATIONAL STANDARD BOOK NUMBER
International Standard Book Number 981-4126-98-5
082 ## - DEWEY DECIMAL CLASSIFICATION NUMBER
Classification number 333.7 B749 2003
100 ## - MAIN ENTRY--PERSONAL NAME
Personal name Botkin, Daniel B.
Relator term author
245 ## - TITLE STATEMENT
Title Environmental sciences:
Remainder of title earth as a living planet /
Statement of responsibility, etc. Daniel B. Botkin, Edward A. Keller
250 ## - EDITION STATEMENT
Edition statement 4th ed.
260 ## - PUBLICATION, DISTRIBUTION, ETC.
Place of publication, distribution, etc. New Jersey:
Name of publisher, distributor, etc. John Wiley,
Date of publication, distribution, etc. c2003.
300 ## - PHYSICAL DESCRIPTION
Extent xxvii, [722]p.;
Other physical details ill.
504 ## - BIBLIOGRAPHY, ETC. NOTE
Bibliography, etc. note Includes index
541 ## - IMMEDIATE SOURCE OF ACQUISITION NOTE
Accession number 618 c.1, 619 c.2, 620 c.3, 1288 c.4
650 ## - SUBJECT ADDED ENTRY--TOPICAL TERM
Topical term or geographic name entry element Environmental sciences
700 ## - ADDED ENTRY--PERSONAL NAME
Personal name Keller, Edward A.
Relator term author
Holdings
Withdrawn status Lost status Source of classification or shelving scheme Damaged status Not for loan Home library Current library Date acquired Total Checkouts Full call number Barcode Date last seen Copy number Price effective from Koha item type
    Dewey Decimal Classification     ctu-moalboal ctu-moalboal 06/13/2011   333.7 B749 2003 618 11/25/2022 1 11/25/2022 Books-Reference
    Dewey Decimal Classification     ctu-moalboal ctu-moalboal 06/13/2011   333.7 B749 2003 619 11/25/2022 2 11/25/2022 Books-Reference
    Dewey Decimal Classification     ctu-moalboal ctu-moalboal 06/13/2011   333.7 B749 2003 620 11/25/2022 3 11/25/2022 Books-Reference
    Dewey Decimal Classification     ctu-moalboal ctu-moalboal 06/13/2011   333.7 B749 2003 1288 11/25/2022 4 11/25/2022 Books-Reference